Disney's Fantasia - Classical Pieces - Statistics

General Stats
  • This quiz has been taken 9 times
  • The average score is 6 of 8
Answer Stats
Hint Answer % Correct
Cathedral Ave Maria
100%
Flowers The Nutcracker Suite
89%
Greek Mythology The Pastoral Symphony
89%
Mickey Mouse The Sorcerer's Apprentice
89%
Animal Ballet Dance of the Hours
78%
The Devil Night on Bald Mountain
78%
Dinosaurs The Rite of Spring
67%
Abstract Images Toccata and Fugue in D Minor
56%
No matching quizzes found
Score Distribution
Percent of People with Each Score
Percentile by Number Answered
Your Score History
You have not taken this quiz